000 00602nam a2200217Ia 4500
001 14166
003 GE_BSU
008 181216s||||||||xx |||||||||||||| ||und||
040 _cGE_BSU
080 _a82-93
100 _aლორთქიფანიძე,კონსტანტინე
245 _aცაბუნია
245 _bმოთხრობა
260 _aთბილისი
260 _bნაკადული
260 _c1969
300 _a25გვ.ილ.20სმ.
653 _aმოთხრობები
653 _aცაბუნია
942 _cBK
999 _c47305
_d47305